Kolízie základných práv na sociálnych sieťach bakalárska práca

Gespeichert in:
Bibliographische Detailangaben
1. Verfasser: Jurík, Jozef
Körperschaft: Univerzita Komenského v Bratislave. Právnická fakulta
Weitere Verfasser: Bujňák, Vincent
Format: Buch
Sprache:Slowakisch
Veröffentlicht: Bratislava 2021
Tags: Tag hinzufügen
Keine Tags, Fügen Sie das erste Tag hinzu!

MARC

LEADER 00000nbm a2200000 4500
001 0276625
005 20220503143815.3
041 0 |a slo 
044 |a SK 
245 1 0 |a Kolízie základných práv na sociálnych sieťach  |b bakalárska práca  |c Jozef Jurík ; školiteľ: Vincent Bujňák 
264 1 |a Bratislava  |c 2021 
300 |a 60 s. 
100 1 |a Jurík, Jozef 
700 1 |a Bujňák, Vincent 
710 2 |a Univerzita Komenského v Bratislave. Právnická fakulta